MARC details
| 000 -LEADER |
| fixed length control field |
02270cam a2200601 a 4500 |
| 001 - CONTROL NUMBER |
| control field |
21612 |
| 003 - CONTROL NUMBER IDENTIFIER |
| control field |
VRT |
| 005 - DATE AND TIME OF LATEST TRANSACTION |
| control field |
20260306141043.0 |
| 008 - FIXED-LENGTH DATA ELEMENTS--GENERAL INFORMATION |
| fixed length control field |
240226s1983 xo a jr 000 j slo c |
| 015 ## - NATIONAL BIBLIOGRAPHY NUMBER |
| National bibliography number |
SNBA1983 |
| 020 ## - INTERNATIONAL STANDARD BOOK NUMBER |
| Qualifying information |
(viazané) |
| 035 ## - SYSTEM CONTROL NUMBER |
| System control number |
SNK000035981 |
| 035 ## - SYSTEM CONTROL NUMBER |
| System control number |
24E3EDC9-D162-4F52-A381-558C49866B6B |
| 035 ## - SYSTEM CONTROL NUMBER |
| System control number |
urn:nbn:sk:snk-am00ifqq |
| 039 #9 - LEVEL OF BIBLIOGRAPHIC CONTROL AND CODING DETAIL [OBSOLETE] |
| Level of rules in bibliographic description |
202501141345 |
| Level of effort used to assign nonsubject heading access points |
maubb02 |
| Level of effort used to assign subject headings |
202402262126 |
| Level of effort used to assign classification |
VLOAD |
| Level of effort used to assign subject headings |
202305011811 |
| Level of effort used to assign classification |
VLOAD |
| Level of effort used to assign subject headings |
202304281412 |
| Level of effort used to assign classification |
VLOAD |
| 040 ## - CATALOGING SOURCE |
| Original cataloging agency |
SNK |
| Language of cataloging |
slo |
| Transcribing agency |
SNK |
| Modifying agency |
AUBB |
| Description conventions |
AACR2 |
| 041 0# - LANGUAGE CODE |
| Language code of text/sound track or separate title |
slo |
| 044 ## - COUNTRY OF PUBLISHING/PRODUCING ENTITY CODE |
| MARC country code |
xo |
| ISO country code |
SK |
| 072 #7 - SUBJECT CATEGORY CODE |
| Subject category code |
821.162.4-3 |
| Subject category code subdivision |
Slovenská próza |
| Source |
konspekt |
| 072 #7 - SUBJECT CATEGORY CODE |
| Subject category code |
821-93 |
| Subject category code subdivision |
Literatúra pre deti a mládež (beletria) |
| Source |
konspekt |
| 080 ## - UNIVERSAL DECIMAL CLASSIFICATION NUMBER |
| Universal Decimal Classification number |
821.162.4-34 |
| Edition identifier |
2011 |
| 080 ## - UNIVERSAL DECIMAL CLASSIFICATION NUMBER |
| Universal Decimal Classification number |
82-93-053.4/.5 |
| Edition identifier |
2011 |
| 100 1# - MAIN ENTRY--PERSONAL NAME |
| Personal name |
Ťažký, Ladislav, |
| Dates associated with a name |
1924-2011 |
| Relationship |
aut |
| -- |
aft |
| 245 10 - TITLE STATEMENT |
| Title |
Jánošíková slza |
| Statement of responsibility, etc. |
Ladislav Ťažký ; ilustrácie vyryl a knihu graficky upravil Vladimír Machaj |
| 250 ## - EDITION STATEMENT |
| Edition statement |
1. vyd. |
| 260 ## - PUBLICATION, DISTRIBUTION, ETC. |
| Place of publication, distribution, etc. |
Bratislava |
| Name of publisher, distributor, etc. |
Mladé letá |
| Date of publication, distribution, etc. |
1983 |
| 300 ## - PHYSICAL DESCRIPTION |
| Extent |
140 strán |
| Other physical details |
ilustrácie |
| Dimensions |
25 cm |
| 366 ## - TRADE AVAILABILITY INFORMATION |
| Note |
12 000 kusov |
| 500 ## - GENERAL NOTE |
| General note |
Rozložená ilustrovaná titulná strana. Vysvetlivky |
| 500 ## - GENERAL NOTE |
| General note |
Obsahuje 3 diela |
| 521 1# - TARGET AUDIENCE NOTE |
| Target audience note |
Pre čitateľov od 13 rokov |
| 655 #7 - INDEX TERM--GENRE/FORM |
| Genre/form data or focus term |
slovenské povesti |
| Source of term |
SNKPH |
| 655 #7 - INDEX TERM--GENRE/FORM |
| Genre/form data or focus term |
literatúra pre deti a mládež |
| Source of term |
SNKPH |
| 655 #7 - INDEX TERM--GENRE/FORM |
| Genre/form data or focus term |
Slovak legends |
| Source of term |
SNKPHeng |
| 655 #7 - INDEX TERM--GENRE/FORM |
| Genre/form data or focus term |
Children's and juvenile literature |
| Source of term |
SNKPHeng |
| 700 1# - ADDED ENTRY--PERSONAL NAME |
| Personal name |
Machaj, Vladimír, |
| Dates associated with a name |
1929-2016 |
| Relationship |
ill |
| -- |
bkd |
| 740 02 - ADDED ENTRY--UNCONTROLLED RELATED/ANALYTICAL TITLE |
| Uncontrolled related/analytical title |
Jánošíkov íver |
| 740 02 - ADDED ENTRY--UNCONTROLLED RELATED/ANALYTICAL TITLE |
| Uncontrolled related/analytical title |
Runa |
| 910 ## - USER-OPTION DATA (OCLC) |
| User-option data |
snk |
| 942 ## - ADDED ENTRY ELEMENTS (KOHA) |
| Source of classification or shelving scheme |
Dewey Decimal Classification |
| Koha item type |
Krásna literatúra pre deti |
| Suppress in OPAC |
No |
| 949 ## - LOCAL PROCESSING INFORMATION (OCLC) |
| 6 |
2889060031 |
| a |
savukS 93407 |
| 949 ## - LOCAL PROCESSING INFORMATION (OCLC) |
| 6 |
369701000023906 |
| a |
aubbO 16477 |
| b |
aubbO16477 |
| p |
Darca: I. Badínska ; s venovaním autora |
| 949 ## - LOCAL PROCESSING INFORMATION (OCLC) |
| 6 |
3830001009386 |
| a |
kurukT18/ŤAŽK1-2 |
| 949 ## - LOCAL PROCESSING INFORMATION (OCLC) |
| 6 |
17A0176692 |
| 9 |
P60, <04>, [BOOK], {604} |
| a |
snkSC 59703 D1 |
| 949 ## - LOCAL PROCESSING INFORMATION (OCLC) |
| 6 |
3869A02149 |
| a |
bpksh885.4-32 |
| b |
bpksh32524 |
| 949 ## - LOCAL PROCESSING INFORMATION (OCLC) |
| 6 |
3869A02148 |
| a |
bpksh885.4-32 |
| b |
bpksh32523 |
| 949 ## - LOCAL PROCESSING INFORMATION (OCLC) |
| 6 |
3869A02147 |
| a |
bpksh885.4-32 |
| b |
bpksh32522 |
| 949 ## - LOCAL PROCESSING INFORMATION (OCLC) |
| 6 |
4710704327 |
| a |
strmkM |
| b |
strmk2008/4327 |
| 949 ## - LOCAL PROCESSING INFORMATION (OCLC) |
| 6 |
270001000251599 |
| a |
svkbbB 13651 |
| b |
svkbbm 439243 |
| 949 ## - LOCAL PROCESSING INFORMATION (OCLC) |
| 6 |
17A0900693 |
| a |
snkSC 59703 |
| b |
snkKSP 8902/83 |
| s |
6100:20220725 |